| 000 | 00597nam a22001937a 4500 | ||
|---|---|---|---|
| 999 |
_c18088 _d18088 |
||
| 008 | 191128b xxu||||| |||| 00| 0 eng d | ||
| 020 | _a0749950633 | ||
| 040 |
_aKABU _cKABU |
||
| 050 |
_aDT363 _b.L54 2005 c. 1 |
||
| 100 | _aLiebowitz, Daniel | ||
| 245 |
_aThe last expedition _cDaniel Liebowitz and Charlie Pearson |
||
| 260 |
_aLondon _bPortrait _c2005 |
||
| 300 | _axix, 355 p. | ||
| 650 | _aEmin Pasha, 1840-1892 | ||
| 650 | _aStanley, Henry M. (Henry Morton), 1841-1904 | ||
| 650 |
_aAfrica, Central _xHistory _y1884-1960 |
||
| 700 | _aPearson, Charlie | ||
| 942 |
_2lcc _cBK _hDT363 |
||